| 000 | 00482nam a2200145 a 4500 | ||
|---|---|---|---|
| 008 | 120416s1967 ||||||||||||||||| || u | ||
| 050 | _aHX 39.5 Zei | ||
| 100 | _aZeitlin, Irving M | ||
| 245 | 1 | 0 | _aMarxism |
| 246 | _aa re-examination | ||
| 260 |
_aNew York _bD. Van Nostrand _c1967 |
||
| 300 | _av, 170p. | ||
| 350 | _a0.00 | ||
| 995 |
_D0.00 _FCBU-MAIN LIBRARY (Kitwe) _H1 _I265.00 _UAVAILABLE _ZMain Library Open Access Collection |
||
| 999 |
_c50548 _d50548 |
||